00501nam a22001337a 4500008004100000082001600041100004200057245012400099300000900223440001300232942001200245999001500257952009500272230621b xxu||||| |||| 00| 0 eng d a328.68bHAN cParliament of the republic of Namibia aParliament of the republic of Namibia Hansard bOfficial Report of the Debates of the Second National CouncilcVolume 9 a140p vvolume 9 2ddccBK c2181d2181 00102ddc4070a002b002d2023-06-21l0o328.68 HANp10013490r2023-06-21w2023-06-21yBK